[Event "2nd Turkish League 2017"]
[Site "Konya"]
[Date "2017.07.22"]
[Round "8"]
[White "Ataman, Alper Efe"]
[Black "Yalim, Suleyman"]
[Result "1/2-1/2"]
[WhiteElo "2175"]
[BlackElo "2039"]
[Annotator "NA"]
[PlyCount "60"]
[EventType "team-tourn"]
[EventCountry "TUR"]
[SourceTitle "playchess.com"]
[Source "ChessBase"]
[SourceQuality "1"]
[TimeControl "5400+30"]

1. d4 {[%emt 0:00:30]} Nf6 {[%emt 0:01:00]} 2. c4 {[%emt 0:00:30]} e6 {[%emt 0:00:30]} 3. Nc3 {[%emt 0:00:30]} d5 {[%emt 0:00:30]} 4. cxd5 {[%emt 0:00:30]} exd5 {[%emt 0:00:30]} 5. Bg5 {[%emt 0:00:30]} Nbd7 {[%emt 0:11:30]} 6. e3 {[%emt 0:02:30]} c6 {[%emt 0:00:00]} 7. Qc2 {[%emt 0:01:30]} Bd6 {[%emt 0:13:00]} 8. Bd3 {[%emt 0:06:30]} Qe7 {[%emt 0:04:30]} 9. Nge2 {[%emt 0:05:30]} Nf8 {[%emt 0:14:30]} 10. O-O-O {[%emt 0:06:30]} Ne6 {[%emt 0:08:30]} 11. Bh4 {[%emt 0:01:30]} g5 {[%emt 0:05:30]} 12. Bg3 {[%emt 0:01:30]} Bd7 {[%emt 0:01:30]} 13. Kb1 {[%emt 0:04:30]} h5 {[%emt 0:02:30]} 14. h4 {[%emt 0:05:30]} g4 {[%emt 0:08:30]} 15. Rhe1 {[%emt 0:05:30]} Bxg3 {[%emt 0:15:57]} 16. Nxg3 {[%emt 0:01:30]} O-O-O {[%emt 0:00:28]} 17. Nf5 {[%emt 0:07:30]} Qf8 {[%emt 0:00:03]} 18. Qb3 {[%emt 0:07:30]} Ng7 {[%emt 0:01:02]} 19. Ng3 {[%emt 0:01:30]} Kb8 {[%emt 0:00:51]} 20. Na4 {[%emt 0:01:30]} Ka8 {[%emt 0:00:27]} 21. Nc5 {[%emt 0:01:30]} Bc8 {[%emt 0:00:02]} 22. Rc1 {[%emt 0:00:30]} Qd6 {[%emt 0:00:41]} 23. Qa4 {[%emt 0:02:30]} Nd7 {[%emt 0:00:55]} 24. Rc3 {[%emt 0:01:30]} Nxc5 {[%emt 0:02:44]} 25. dxc5 {[%emt 0:00:30]} Qf6 {[%emt 0:01:10]} 26. Ra3 {[%emt 0:02:30]} a6 {[%emt 0:00:02]} 27. Qb4 {[%emt 0:03:30]} Rhe8 {[%emt 0:02:38]} 28. Bxa6 {[%emt 0:03:30]} bxa6 {[%emt 0:00:45]} 29. Qb6 {[%emt 0:08:06]} Bb7 {[%emt 0:00:27]} 30. Rxa6+ {[%emt 0:00:30]} Bxa6 {[%emt 0:00:08]} 1/2-1/2

[Event "2nd Turkish League 2017"]
[Site "Konya"]
[Date "2017.07.22"]
[Round "8"]
[White "Duman, Aydin"]
[Black "Koksal, Recep"]
[Result "1-0"]
[WhiteElo "2056"]
[BlackElo "1736"]
[Annotator "NA"]
[PlyCount "223"]
[EventType "team-tourn"]
[EventCountry "TUR"]
[SourceTitle "playchess.com"]
[Source "ChessBase"]
[SourceQuality "1"]
[TimeControl "5400+30"]

1. e4 {[%emt 0:00:30]} e5 {[%emt 0:01:00]} 2. Nf3 {[%emt 0:00:00]} Nc6 {[%emt 0:00:30]} 3. Bc4 {[%emt 0:00:00]} Bc5 {[%emt 0:00:30]} 4. d3 {[%emt 0:00:30]} Nf6 {[%emt 0:00:30]} 5. a4 {[%emt 0:00:00]} a5 {[%emt 0:05:30]} 6. c3 {[%emt 0:01:00]} O-O {[%emt 0:00:30]} 7. Bg5 {[%emt 0:00:30]} h6 {[%emt 0:00:30]} 8. Bh4 {[%emt 0:00:30]} Be7 {[%emt 0:00:30]} 9. Na3 {[%emt 0:02:30]} d6 {[%emt 0:09:30]} 10. Qb3 {[%emt 0:00:30]} Nd7 {[%emt 0:02:30]} 11. Bg3 {[%emt 0:00:30]} Nc5 {[%emt 0:00:30]} 12. Qc2 {[%emt 0:03:30]} Bg4 {[%emt 0:01:30]} 13. Nd2 {[%emt 0:01:30]} Bg5 {[%emt 0:03:30]} 14. O-O {[%emt 0:01:30]} Ne6 {[%emt 0:04:30]} 15. f3 {[%emt 0:02:30]} Bh5 {[%emt 0:00:00]} 16. Bxe6 {[%emt 0:10:30]} fxe6 {[%emt 0:00:00]} 17. Ndc4 {[%emt 0:01:30]} Bf4 {[%emt 0:05:30]} 18. Bxf4 {[%emt 0:00:30]} Rxf4 {[%emt 0:00:30]} 19. Nb5 {[%emt 0:03:30]} Qe7 {[%emt 0:05:30]} 20. d4 {[%emt 0:01:30]} Raf8 {[%emt 0:05:30]} 21. Ne3 {[%emt 0:05:30]} Qg5 {[%emt 0:01:30]} 22. Nxc7 {[%emt 0:18:30]} Rxf3 {[%emt 0:07:30]} 23. Rxf3 {[%emt 0:00:30]} Bxf3 {[%emt 0:08:30]} 24. Re1 {[%emt 0:05:30]} Bg4 {[%emt 0:02:30]} 25. d5 {[%emt 0:05:30]} Nd8 {[%emt 0:01:30]} 26. Nxg4 {[%emt 0:03:30]} Qxg4 {[%emt 0:00:30]} 27. dxe6 {[%emt 0:01:30]} Nxe6 {[%emt 0:04:30]} 28. Nxe6 {[%emt 0:02:30]} Qxe6 {[%emt 0:01:30]} 29. h3 {[%emt 0:03:30]} Qc4 {[%emt 0:00:30]} 30. Qd2 {[%emt 0:02:30]} Qc5+ {[%emt 0:00:30]} 31. Qe3 {[%emt 0:00:30]} Qc6 {[%emt 0:03:30]} 32. b3 {[%emt 0:01:30]} b5 {[%emt 0:01:30]} 33. axb5 {[%emt 0:04:20]} Qxb5 {[%emt 0:00:30]} 34. c4 {[%emt 0:01:34]} Qb4 {[%emt 0:00:30]} 35. Rd1 {[%emt 0:02:02]} Rf6 {[%emt 0:02:30]} 36. Ra1 {[%emt 0:01:52]} Rf4 {[%emt 0:04:32]} 37. g3 {[%emt 0:00:30]} Rf6 {[%emt 0:00:00]} 38. Ra4 {[%emt 0:00:17]} Qb8 {[%emt 0:00:01]} 39. Rxa5 {[%emt 0:00:50]} Rf3 {[%emt 0:03:33]} 40. Qxf3 {[%emt 0:00:38]} Qb6+ {[%emt 0:00:07]} 41. Kg2 {[%emt 0:01:30]} Qxa5 {[%emt 0:00:10]} 42. Qd3 {[%emt 0:00:29]} Kh7 {[%emt 0:02:09]} 43. h4 {[%emt 0:00:31]} Qa2+ {[%emt 0:04:21]} 44. Kh3 {[%emt 0:00:22]} h5 {[%emt 0:01:02]} 45. Qf3 {[%emt 0:02:32]} Kg8 {[%emt 0:04:44]} 46. g4 {[%emt 0:01:04]} hxg4+ {[%emt 0:01:10]} 47. Kxg4 {[%emt 0:00:06]} Qd2 {[%emt 0:00:18]} 48. h5 {[%emt 0:00:52]} Qh6 {[%emt 0:02:38]} 49. b4 {[%emt 0:01:32]} Qe6+ {[%emt 0:00:26]} 50. Kg5 {[%emt 0:01:04]} Qe7+ {[%emt 0:01:56]} 51. Kg4 {[%emt 0:00:05]} Qe6+ {[%emt 0:00:00]} 52. Qf5 {[%emt 0:02:51]} Qxc4 {[%emt 0:00:01]} 53. h6 {[%emt 0:01:41]} Qe2+ {[%emt 0:01:21]} 54. Qf3 {[%emt 0:00:07]} Qc4 {[%emt 0:00:04]} 55. Kh5 {[%emt 0:00:56]} gxh6 {[%emt 0:01:03]} 56. Qg4+ {[%emt 0:02:06]} Kf8 {[%emt 0:00:19]} 57. Kxh6 {[%emt 0:02:14]} Ke8 {[%emt 0:00:19]} 58. Kg7 {[%emt 0:01:20]} Qf7+ {[%emt 0:00:48]} 59. Kh8 {[%emt 0:00:38]} Qf8+ {[%emt 0:00:25]} 60. Kh7 {[%emt 0:00:09]} Qf7+ {[%emt 0:00:24]} 61. Kh6 {[%emt 0:00:25]} Qf4+ {[%emt 0:00:29]} 62. Kh5 {[%emt 0:00:49]} Qf7+ {[%emt 0:01:30]} 63. Kg5 {[%emt 0:00:34]} Qe7+ {[%emt 0:00:24]} 64. Kh6 {[%emt 0:00:32]} Qf8+ {[%emt 0:00:24]} 65. Kh5 {[%emt 0:00:17]} Qh8+ {[%emt 0:00:23]} 66. Kg5 {[%emt 0:00:11]} Qg7+ {[%emt 0:00:59]} 67. Kh4 {[%emt 0:00:11]} Qf6+ {[%emt 0:00:48]} 68. Kg3 {[%emt 0:00:20]} Qf1 {[%emt 0:01:10]} 69. Qe6+ {[%emt 0:00:20]} Kd8 {[%emt 0:00:38]} 70. Qxd6+ {[%emt 0:00:08]} Kc8 {[%emt 0:00:12]} 71. Qc5+ {[%emt 0:00:33]} Kd7 {[%emt 0:00:36]} 72. Qd5+ {[%emt 0:00:30]} Kc8 {[%emt 0:00:05]} 73. Kg4 {[%emt 0:01:33]} Qf4+ {[%emt 0:00:52]} 74. Kh5 {[%emt 0:00:30]} Kc7 {[%emt 0:00:19]} 75. Kg6 {[%emt 0:00:00]} Kb6 {[%emt 0:00:29]} 76. Qc5+ {[%emt 0:00:09]} Kb7 {[%emt 0:00:22]} 77. Qe7+ {[%emt 0:00:12]} Kb6 {[%emt 0:00:36]} 78. Qf6+ {[%emt 0:00:18]} Kb7 {[%emt 0:00:27]} 79. Qf5 {[%emt 0:01:17]} Kb6 {[%emt 0:00:40]} 80. Qf6+ {[%emt 0:01:06]} Kb7 {[%emt 0:00:01]} 81. Qe7+ {[%emt 0:00:28]} Kb6 {[%emt 0:00:13]} 82. Qd6+ {[%emt 0:00:17]} Kb7 {[%emt 0:00:19]} 83. Qd5+ {[%emt 0:00:41]} Kb6 {[%emt 0:00:16]} 84. Qa5+ {[%emt 0:00:43]} Kb7 {[%emt 0:00:30]} 85. Qb5+ {[%emt 0:00:00]} Kc7 {[%emt 0:00:00]} 86. Qc4+ {[%emt 0:00:13]} Kb7 {[%emt 0:00:00]} 87. b5 {[%emt 0:00:00]} Qg4+ {[%emt 0:02:36]} 88. Kf6 {[%emt 0:00:26]} Qf4+ {[%emt 0:01:06]} 89. Ke6 {[%emt 0:00:14]} Qg4+ {[%emt 0:00:00]} 90. Kd6 {[%emt 0:00:35]} Qg6+ {[%emt 0:00:14]} 91. Ke7 {[%emt 0:01:25]} Qh7+ {[%emt 0:00:16]} 92. Kd6 {[%emt 0:00:53]} Qg6+ {[%emt 0:00:01]} 93. Kxe5 {[%emt 0:01:04]} Qg7+ {[%emt 0:00:04]} 94. Kd5 {[%emt 0:00:37]} Qd7+ {[%emt 0:00:13]} 95. Kc5 {[%emt 0:00:17]} Qe7+ {[%emt 0:01:11]} 96. Kd4 {[%emt 0:00:06]} Qf6+ {[%emt 0:00:00]} 97. e5 {[%emt 0:00:13]} Qf2+ {[%emt 0:00:08]} 98. Kd5 {[%emt 0:00:15]} Qd2+ {[%emt 0:01:58]} 99. Qd4 {[%emt 0:00:15]} Qg5 {[%emt 0:00:31]} 100. Kc4 {[%emt 0:01:14]} Qc1+ {[%emt 0:00:20]} 101. Qc3 {[%emt 0:00:11]} Qf4+ {[%emt 0:00:49]} 102. Kb3 {[%emt 0:00:23]} Qf7+ {[%emt 0:00:24]} 103. Kb2 {[%emt 0:00:51]} Qf2+ {[%emt 0:00:12]} 104. Ka3 {[%emt 0:00:28]} Qf8+ {[%emt 0:00:02]} 105. Ka4 {[%emt 0:00:12]} Qa8+ {[%emt 0:01:37]} 106. Qa5 {[%emt 0:00:02]} Qh8 {[%emt 0:00:32]} 107. Qa6+ {[%emt 0:00:09]} Kb8 {[%emt 0:00:30]} 108. Qd6+ {[%emt 0:00:21]} Kb7 {[%emt 0:00:21]} 109. Ka5 {[%emt 0:00:34]} Qh2 {[%emt 0:00:23]} 110. Qd5+ {[%emt 0:00:57]} Kb8 {[%emt 0:00:23]} 111. Ka6 {[%emt 0:00:27]} Qh7 {[%emt 0:00:48]} 112. Qd8# {[%emt 0:00:49]} 1-0

[Event "2nd Turkish League 2017"]
[Site "Konya"]
[Date "2017.07.22"]
[Round "8"]
[White "Buker, Muhittin"]
[Black "Demirag, Batuhan"]
[Result "1/2-1/2"]
[WhiteElo "2006"]
[BlackElo "1914"]
[Annotator "NA"]
[PlyCount "122"]
[EventType "team-tourn"]
[EventCountry "TUR"]
[SourceTitle "playchess.com"]
[Source "ChessBase"]
[SourceQuality "1"]
[TimeControl "5400+30"]

1. d4 {[%emt 0:00:30]} d6 {[%emt 0:01:00]} 2. Nf3 {[%emt 0:00:00]} Nf6 {[%emt 0:00:30]} 3. e3 {[%emt 0:02:00]} g6 {[%emt 0:01:30]} 4. Be2 {[%emt 0:00:30]} Bg7 {[%emt 0:00:30]} 5. c4 {[%emt 0:00:00]} Nbd7 {[%emt 0:01:30]} 6. Nc3 {[%emt 0:00:00]} c5 {[%emt 0:02:30]} 7. O-O {[%emt 0:00:30]} O-O {[%emt 0:00:30]} 8. b3 {[%emt 0:00:30]} b6 {[%emt 0:02:30]} 9. Bb2 {[%emt 0:00:30]} Bb7 {[%emt 0:00:30]} 10. Qc2 {[%emt 0:00:30]} cxd4 {[%emt 0:02:30]} 11. exd4 {[%emt 0:00:30]} d5 {[%emt 0:01:30]} 12. Rad1 {[%emt 0:02:30]} Rc8 {[%emt 0:03:30]} 13. Ne5 {[%emt 0:03:30]} a6 {[%emt 0:14:30]} 14. f4 {[%emt 0:02:30]} e6 {[%emt 0:03:30]} 15. Bf3 {[%emt 0:04:30]} Qc7 {[%emt 0:03:30]} 16. Qe2 {[%emt 0:05:30]} dxc4 {[%emt 0:00:30]} 17. Bxb7 {[%emt 0:00:30]} Qxb7 {[%emt 0:00:30]} 18. bxc4 {[%emt 0:00:00]} Rfe8 {[%emt 0:06:30]} 19. g4 {[%emt 0:04:00]} Bf8 {[%emt 0:08:30]} 20. g5 {[%emt 0:00:30]} Nh5 {[%emt 0:00:30]} 21. Ne4 {[%emt 0:01:30]} Be7 {[%emt 0:05:30]} 22. Qf3 {[%emt 0:18:30]} Rc7 {[%emt 0:03:30]} 23. d5 {[%emt 0:01:30]} Nxe5 {[%emt 0:03:30]} 24. fxe5 {[%emt 0:02:30]} Bc5+ {[%emt 0:00:30]} 25. Kg2 {[%emt 0:13:30]} Bf8 {[%emt 0:01:30]} 26. d6 {[%emt 0:03:30]} Rd7 {[%emt 0:00:30]} 27. Nf6+ {[%emt 0:01:30]} Nxf6 {[%emt 0:00:30]} 28. Qxb7 {[%emt 0:00:30]} Rxb7 {[%emt 0:00:30]} 29. gxf6 {[%emt 0:00:00]} Rc8 {[%emt 0:02:30]} 30. Ba3 {[%emt 0:01:00]} Rd7 {[%emt 0:00:30]} 31. Rd4 {[%emt 0:00:30]} Bh6 {[%emt 0:03:30]} 32. Kf3 {[%emt 0:00:30]} Rc6 {[%emt 0:02:30]} 33. Rb1 {[%emt 0:00:30]} Bf8 {[%emt 0:02:30]} 34. Ke4 {[%emt 0:03:30]} h5 {[%emt 0:00:30]} 35. Bb4 {[%emt 0:02:30]} Bh6 {[%emt 0:03:30]} 36. a4 {[%emt 0:00:30]} Kh7 {[%emt 0:02:45]} 37. h4 {[%emt 0:00:30]} Kg8 {[%emt 0:01:38]} 38. Ba3 {[%emt 0:00:30]} Kh7 {[%emt 0:00:51]} 39. c5 {[%emt 0:00:30]} bxc5 {[%emt 0:00:14]} 40. Rc4 {[%emt 0:00:00]} Bd2 {[%emt 0:03:57]} 41. Rxc5 {[%emt 0:00:00]} Rxc5 {[%emt 0:00:38]} 42. Bxc5 {[%emt 0:00:30]} g5 {[%emt 0:01:31]} 43. hxg5 {[%emt 0:00:30]} Kg6 {[%emt 0:00:51]} 44. Rd1 {[%emt 0:05:30]} Bxg5 {[%emt 0:00:52]} 45. Rg1 {[%emt 0:00:30]} Kh6 {[%emt 0:00:10]} 46. Be3 {[%emt 0:00:30]} Bxe3 {[%emt 0:00:30]} 47. Kxe3 {[%emt 0:00:00]} h4 {[%emt 0:00:16]} 48. Kf4 {[%emt 0:01:00]} Rb7 {[%emt 0:02:19]} 49. Rd1 {[%emt 0:00:30]} Rd7 {[%emt 0:00:27]} 50. Kg4 {[%emt 0:00:00]} Kg6 {[%emt 0:00:06]} 51. a5 {[%emt 0:04:00]} h3 {[%emt 0:00:34]} 52. Rd2 {[%emt 0:00:30]} Rd8 {[%emt 0:00:23]} 53. Rf2 {[%emt 0:04:23]} Rb8 {[%emt 0:02:21]} 54. Kxh3 {[%emt 0:00:58]} Kg5 {[%emt 0:00:56]} 55. Kg3 {[%emt 0:00:59]} Rc8 {[%emt 0:02:02]} 56. Rf3 {[%emt 0:00:48]} Rb8 {[%emt 0:00:28]} 57. Rf2 {[%emt 0:08:51]} Rb3+ {[%emt 0:02:48]} 58. Rf3 {[%emt 0:00:07]} Rb8 {[%emt 0:00:06]} 59. Re3 {[%emt 0:02:54]} Kf5 {[%emt 0:00:30]} 60. Kf3 {[%emt 0:00:00]} Rb2 {[%emt 0:01:15]} 61. Re2 {[%emt 0:02:26]} Rb3+ {[%emt 0:00:17]} 1/2-1/2

[Event "2nd Turkish League 2017"]
[Site "Konya"]
[Date "2017.07.22"]
[Round "8"]
[White "Ibik, Halit Yavuz"]
[Black "Cubukcuoglu, Basar"]
[Result "1-0"]
[WhiteElo "2004"]
[BlackElo "1548"]
[Annotator "NA"]
[PlyCount "109"]
[EventType "team-tourn"]
[EventCountry "TUR"]
[SourceTitle "playchess.com"]
[Source "ChessBase"]
[SourceQuality "1"]
[TimeControl "5400+30"]

1. e4 {[%emt 0:00:30]} e5 {[%emt 0:01:00]} 2. Nf3 {[%emt 0:00:00]} Nc6 {[%emt 0:00:00]} 3. Bb5 {[%emt 0:00:00]} a6 {[%emt 0:00:00]} 4. Ba4 {[%emt 0:00:30]} Nf6 {[%emt 0:00:30]} 5. O-O {[%emt 0:00:00]} Be7 {[%emt 0:00:00]} 6. Re1 {[%emt 0:00:00]} b5 {[%emt 0:00:00]} 7. Bb3 {[%emt 0:00:00]} d6 {[%emt 0:00:30]} 8. c3 {[%emt 0:00:00]} Na5 {[%emt 0:01:30]} 9. Bc2 {[%emt 0:00:30]} c5 {[%emt 0:00:30]} 10. h3 {[%emt 0:00:00]} O-O {[%emt 0:00:30]} 11. d4 {[%emt 0:00:00]} Nd7 {[%emt 0:00:30]} 12. Nbd2 {[%emt 0:01:30]} Re8 {[%emt 0:02:30]} 13. Nf1 {[%emt 0:00:00]} Bf8 {[%emt 0:03:30]} 14. Ne3 {[%emt 0:03:00]} Nc6 {[%emt 0:10:30]} 15. Nf5 {[%emt 0:03:30]} Qc7 {[%emt 0:05:30]} 16. a4 {[%emt 0:15:30]} b4 {[%emt 0:12:30]} 17. Bb3 {[%emt 0:00:30]} Na5 {[%emt 0:05:30]} 18. dxc5 {[%emt 0:08:30]} Nxb3 {[%emt 0:03:30]} 19. Qxb3 {[%emt 0:06:30]} Nxc5 {[%emt 0:01:30]} 20. Qc2 {[%emt 0:01:30]} Rb8 {[%emt 0:04:30]} 21. Ne3 {[%emt 0:08:30]} bxc3 {[%emt 0:06:30]} 22. bxc3 {[%emt 0:03:30]} Be6 {[%emt 0:02:30]} 23. Nd2 {[%emt 0:08:30]} Qd7 {[%emt 0:07:30]} 24. Nd5 {[%emt 0:03:30]} f5 {[%emt 0:02:30]} 25. c4 {[%emt 0:04:30]} Bxd5 {[%emt 0:05:30]} 26. exd5 {[%emt 0:04:30]} e4 {[%emt 0:03:30]} 27. Nf1 {[%emt 0:25:58]} Nd3 {[%emt 0:03:21]} 28. Rd1 {[%emt 0:00:19]} Rec8 {[%emt 0:02:48]} 29. Be3 {[%emt 0:01:02]} Nb2 {[%emt 0:05:24]} 30. Rdb1 {[%emt 0:01:27]} Rxc4 {[%emt 0:01:51]} 31. Qxc4 {[%emt 0:00:45]} Nxc4 {[%emt 0:00:08]} 32. Rxb8 {[%emt 0:00:00]} Qf7 {[%emt 0:02:13]} 33. Rab1 {[%emt 0:01:19]} Qxd5 {[%emt 0:01:11]} 34. R1b7 {[%emt 0:00:36]} Qc6 {[%emt 0:01:14]} 35. Bg5 {[%emt 0:00:23]} Ne5 {[%emt 0:01:24]} 36. Be7 {[%emt 0:00:30]} Ng6 {[%emt 0:02:23]} 37. Bxf8 {[%emt 0:00:20]} Nxf8 {[%emt 0:00:43]} 38. Ra7 {[%emt 0:00:07]} Qc3 {[%emt 0:01:16]} 39. Raa8 {[%emt 0:00:52]} Qf6 {[%emt 0:01:22]} 40. Rxf8+ {[%emt 0:00:47]} Qxf8 {[%emt 0:00:30]} 41. Rxf8+ {[%emt 0:00:00]} Kxf8 {[%emt 0:00:00]} 42. Ne3 {[%emt 0:00:00]} g6 {[%emt 0:00:05]} 43. Nd5 {[%emt 0:00:09]} a5 {[%emt 0:01:15]} 44. Ne3 {[%emt 0:00:05]} Ke7 {[%emt 0:00:25]} 45. Nc4 {[%emt 0:00:04]} d5 {[%emt 0:00:25]} 46. Nxa5 {[%emt 0:00:04]} Kd6 {[%emt 0:00:00]} 47. Nb3 {[%emt 0:00:24]} Kc6 {[%emt 0:00:44]} 48. Kf1 {[%emt 0:00:14]} Kb6 {[%emt 0:00:49]} 49. Ke2 {[%emt 0:00:13]} d4 {[%emt 0:00:35]} 50. Nxd4 {[%emt 0:01:26]} Ka5 {[%emt 0:00:30]} 51. Ne6 {[%emt 0:00:00]} h6 {[%emt 0:00:12]} 52. g4 {[%emt 0:00:39]} Kxa4 {[%emt 0:01:08]} 53. gxf5 {[%emt 0:00:14]} gxf5 {[%emt 0:00:16]} 54. Ke3 {[%emt 0:00:07]} Ka5 {[%emt 0:00:13]} 55. Ng7 {[%emt 0:00:07]} 1-0

[Event "2nd Turkish League 2017"]
[Site "Konya"]
[Date "2017.07.22"]
[Round "8"]
[White "Aydin, Ersin"]
[Black "Ozturk, Emir"]
[Result "0-1"]
[WhiteElo "1922"]
[BlackElo "2202"]
[Annotator "NA"]
[PlyCount "113"]
[EventType "team-tourn"]
[EventCountry "TUR"]
[SourceTitle "playchess.com"]
[Source "ChessBase"]
[SourceQuality "1"]
[TimeControl "5400+30"]

1. d4 {[%emt 0:00:30]} d5 {[%emt 0:01:00]} 2. c4 {[%emt 0:00:30]} e6 {[%emt 0:00:30]} 3. Nf3 {[%emt 0:00:00]} a6 {[%emt 0:00:00]} 4. cxd5 {[%emt 0:02:00]} exd5 {[%emt 0:00:00]} 5. Nc3 {[%emt 0:00:30]} c6 {[%emt 0:00:30]} 6. Bf4 {[%emt 0:05:30]} Bd6 {[%emt 0:00:30] LiveBook: 44 Games} 7. Bg3 {[%emt 0:01:30]} Ne7 {[%emt 0:02:30]} 8. e3 {[%emt 0:01:30]} Nf5 {[%emt 0:06:30]} 9. Bd3 {[%emt 0:00:30]} Nxg3 {[%emt 0:01:30]} 10. hxg3 {[%emt 0:00:30]} h6 {[%emt 0:00:30]} 11. Qc2 {[%emt 0:02:30]} Be6 {[%emt 0:04:30]} 12. O-O-O {[%emt 0:04:30]} Nd7 {[%emt 0:05:30]} 13. Kb1 {[%emt 0:03:30]} Nf6 $14 {[%emt 0:07:30]} 14. Ng5 {[%emt 0:20:30]} Kd7 {[%emt 0:23:30]} 15. Nxe6 {[%emt 0:01:30]} fxe6 {[%emt 0:00:30]} 16. e4 {[%emt 0:02:30]} dxe4 {[%emt 0:05:30]} 17. Nxe4 {[%emt 0:00:30]} Nxe4 {[%emt 0:00:30]} 18. Bxe4 {[%emt 0:00:00]} Qf6 {[%emt 0:01:30]} 19. Rhe1 {[%emt 0:06:00]} Rad8 {[%emt 0:06:30]} 20. Re3 {[%emt 0:02:30]} Bc7 {[%emt 0:03:30]} 21. Rf3 {[%emt 0:14:30]} Qg5 {[%emt 0:08:30]} 22. Rb3 {[%emt 0:13:00]} Kc8 {[%emt 0:01:46]} 23. f4 {[%emt 0:03:52]} Qa5 {[%emt 0:04:02]} 24. Ra3 {[%emt 0:08:17]} Qb6 {[%emt 0:02:12]} 25. Rb3 {[%emt 0:00:38]} Qa7 {[%emt 0:00:12]} 26. Qc4 {[%emt 0:00:00]} Rd6 {[%emt 0:00:31]} 27. Rbd3 {[%emt 0:02:21]} Rhd8 {[%emt 0:00:23]} 28. f5 {[%emt 0:01:06]} exf5 {[%emt 0:00:46]} 29. Bxf5+ {[%emt 0:00:30]} Kb8 {[%emt 0:00:00]} 30. Be4 {[%emt 0:00:16]} Qb6 {[%emt 0:07:57]} 31. a3 {[%emt 0:01:03]} Ka7 {[%emt 0:03:01]} 32. Bf3 {[%emt 0:00:39]} Qb5 {[%emt 0:00:24]} 33. Qxb5 {[%emt 0:01:24]} axb5 {[%emt 0:00:30]} 34. Kc2 {[%emt 0:00:30]} R6d7 {[%emt 0:00:30]} 35. g4 {[%emt 0:00:30]} Re8 {[%emt 0:00:30]} 36. b4 {[%emt 0:00:30]} Bd6 {[%emt 0:00:30]} 37. Kb3 {[%emt 0:00:30]} Kb6 {[%emt 0:00:30]} 38. d5 {[%emt 0:00:30]} c5 {[%emt 0:00:30]} 39. bxc5+ {[%emt 0:00:30]} Bxc5 {[%emt 0:00:30]} 40. Kb2 {[%emt 0:01:25]} Bd6 {[%emt 0:02:34]} 41. R1d2 {[%emt 0:00:46]} Rde7 {[%emt 0:00:34]} 42. Kb3 {[%emt 0:01:01]} Re3 {[%emt 0:00:15]} 43. Kb2 {[%emt 0:00:00]} Re1 {[%emt 0:00:45]} 44. Rd1 {[%emt 0:00:15]} R1e3 {[%emt 0:00:29]} 45. R1d2 {[%emt 0:00:46]} Ka5 {[%emt 0:00:09]} 46. Bd1 {[%emt 0:00:07]} Re1 {[%emt 0:01:25]} 47. Kb3 {[%emt 0:00:26]} R8e3 {[%emt 0:00:18]} 48. Kb2 {[%emt 0:00:35]} Re4 {[%emt 0:00:34]} 49. Rb3 {[%emt 0:00:49]} R1e3 {[%emt 0:00:52]} 50. Rdd3 {[%emt 0:00:15]} Rxd3 {[%emt 0:00:23]} 51. Rxd3 {[%emt 0:00:02]} Re1 {[%emt 0:00:24]} 52. Kb3 {[%emt 0:00:16]} Rg1 {[%emt 0:00:27]} 53. Bf3 {[%emt 0:00:23]} Rb1+ {[%emt 0:00:54]} 54. Ka2 {[%emt 0:00:37]} Re1 {[%emt 0:00:07]} 55. Bd1 {[%emt 0:00:38]} Kb6 {[%emt 0:00:24]} 56. Bf3 {[%emt 0:01:29]} Kc5 {[%emt 0:00:31]} 57. Kb3 {[%emt 0:01:04]} 0-1